| 000 | 00775nas a2200265 4500 | ||
|---|---|---|---|
| 001 | BR9705214 | ||
| 003 | BR-BrBNA | ||
| 005 | 20231205100619.0 | ||
| 007 | ta | ||
| 008 | 230509b bl.|||p| |||| 00| 00por d | ||
| 040 |
_aBR-BrBNA _bpor _cBiblioteca Nacional de Agricultura |
||
| 041 | _a(Pt) | ||
| 072 | _aF30 | ||
| 100 | 1 | _aXavier, A. | |
| 100 | 1 | _aBorges, R. de C.G. | |
| 100 | 1 | _aCruz, C.D. | |
| 100 | 1 | _aCecon, P.R. | |
| 245 | 1 | _aParametros geneticos de caracteristicas de qualidade da madeira em Eucalyptus grandis | |
| 650 | _aEucalipto | ||
| 650 | _aMadeira | ||
| 650 | _aParametro Genetico | ||
| 773 | 0 |
_tRevista Arvore (Brazil) _xISSN 0100-6762 _g(1997), v. 21(1) p. 71-78 _wBR9705214 |
|
| 909 |
_a202311 _bLúcia _c55 _dLúcia Elande |
||
| 942 |
_2AGRIS _n0 _cANA |
||
| 999 |
_c157016 _d157016 |
||